000 00465nam a2200169 a 4500
005 20141022142001.0
008 110118s19uu xx 00 eng d
020 _a9781433804212
050 _aDVD
_bMc14 2009
100 _aMcDaniel, Susan H.
245 _aFamily Therapy over time.
260 _bAPA,
_c2009.
440 _aSeries VIII- Psychotherapy in six sessions
650 _aFamily therapy-Psychology.
650 _aTreatment-Psychology.
942 _cAVM
999 _c276298
_d276298